Innovationen in der Privatplastik : die 18. Dynastie und Ihre Entwicklung /

محفوظ في:

المؤلف الرئيسي: Bernhauer, Edith.

التنسيق: كتاب

اللغة: German

منشور في: Wiesbaden : Otto Harrassowitz, 2010.

سلاسل: Philippika Marburger Altertumskundliche Abh. ; 27.
Philippika ; 27.

الموضوعات:

الوسوم: إضافة وسم

لا توجد وسوم, كن أول من يضع وسما على هذه التسجيلة!

رقم الطلب: DS41 .P28 v.27

LEADER 00758nam a2200229Ia 4500
003 OSt
005 20250821125644.0
008 220611s2010 gw b 000 0 ger d
020 |a 9783447057127 
040 |c ARCE Library 
050 4 |a DS41 .P28 v.27 
100 1 |a Bernhauer, Edith. 
245 1 0 |a Innovationen in der Privatplastik :   |b die 18. Dynastie und Ihre Entwicklung /   |c Edith Bernhauer. 
264 1 |a Wiesbaden :   |b Otto Harrassowitz,   |c 2010. 
300 |a 341 p. :   |b ill. ;   |c 24 cm. 
490 0 |a Philippika Marburger Altertumskundliche Abh. ;   |v 27. 
490 0 |a Philippika ;   |v 27. 
504 |a Includes bibliographical references (p. 191-202). 
650 0 |a Sculpture, Egyptian   |x History. 
901 |a reviewed 
942 |2 lcc  |c BK 
999 |c 47640  |d 47640